[Event "Open Stare Mesto"]
[Site "?"]
[Date "2003.08.10"]
[Round "3"]
[White "Mudrak, J.."]
[Black "Rubal, A.."]
[Result "1-0"]
[WhiteElo "2379"]
[BlackElo "2229"]
[PlyCount "69"]
[SourceDate "2003.08.08"]

1. d4 d5 2. Nf3 Nf6 3. g3 e6 4. Bg2 Bb4+ 5. Nbd2 O-O 6. O-O Nbd7 7. c4 Be7 8.
c5 c6 9. b4 a5 10. bxa5 Qxa5 11. a4 b6 12. Nb3 Qa7 13. cxb6 Qxb6 14. a5 Qb5 15.
Nfd2 Ba6 16. Re1 Qb7 17. Ba3 Bxa3 18. Rxa3 Rfc8 19. e4 dxe4 20. Nxe4 Nxe4 21.
Bxe4 Qb4 22. Qa1 Rab8 23. Rb1 Qd6 24. Rc1 c5 25. Nxc5 Nxc5 26. dxc5 Rxc5 27.
Rxc5 Qxc5 28. Rc3 Qb4 29. Bd3 Bxd3 30. Rxd3 h6 31. a6 Qb1+ 32. Rd1 Qb6 33. a7
Ra8 34. Rd7 Qc5 35. Rb7 1-0

[Event "Open Stare Mesto"]
[Site "?"]
[Date "2003.08.10"]
[Round "3"]
[White "Sitnik, I.."]
[Black "Jaworski, M.."]
[Result "1-0"]
[WhiteElo "2258"]
[BlackElo "2377"]
[PlyCount "85"]
[SourceDate "2003.08.08"]

1. d4 Nf6 2. c4 e6 3. Nc3 Bb4 4. e3 O-O 5. Nge2 d5 6. a3 Be7 7. Nf4 a5 8. Bd3
dxc4 9. Bxc4 Nc6 10. Nd3 Nd7 11. O-O e5 12. d5 Ncb8 13. e4 Bd6 14. Be3 Qe7 15.
Nb5 Nf6 16. f3 Na6 17. Rc1 Bd7 18. Qe2 Qe8 19. Nxd6 cxd6 20. Bb6 a4 21. Nf2 Qe7
22. Rc2 Rfc8 23. Rfc1 Qe8 24. Nd3 h6 25. Bxa6 bxa6 26. Bc7 Qf8 27. Qe3 Ne8 28.
Ba5 Rxc2 29. Rxc2 f5 30. Qb6 fxe4 31. fxe4 Bb5 32. Rf2 Nf6 33. Nb4 Qc8 34. Nc6
Bxc6 35. dxc6 Nxe4 36. Rf3 Ng5 37. Rf1 Rb8 38. Qa7 Rxb2 39. Qd7 Qa8 40. h4 Rc2
41. hxg5 Qxc6 42. Qf7+ Kh8 43. Qf8+ 1-0

[Event "Open Stare Mesto"]
[Site "?"]
[Date "2003.08.10"]
[Round "3"]
[White "Kotan, L.."]
[Black "Kludacz, M.."]
[Result "1/2-1/2"]
[WhiteElo "2369"]
[BlackElo "2209"]
[PlyCount "118"]
[SourceDate "2003.08.08"]

1. e4 e6 2. d3 d5 3. Nd2 c5 4. Ngf3 Nf6 5. g3 g6 6. Bg2 Bg7 7. O-O O-O 8. Re1
Nc6 9. c3 b6 10. exd5 Nxd5 11. Nc4 Qc7 12. a4 Bb7 13. Qc2 a6 14. Bd2 h6 15.
Rad1 Rfd8 16. Qc1 Kh7 17. d4 cxd4 18. cxd4 Rac8 19. b3 Nxd4 20. Nxd4 Bxd4 21.
Bxh6 Qc5 22. Be3 Nxe3 23. fxe3 Bxg2 24. exd4 Qc6 25. Qf4 Qf3 26. Rf1 Qxf4 27.
Rxf4 Bd5 28. Rxf7+ Kg8 29. Re7 Kf8 30. Ra7 Bxc4 31. bxc4 Rxc4 32. Rxa6 Rdxd4
33. Rxd4 Rxd4 34. Rxb6 Rxa4 35. Rxe6 Kf7 36. Re2 Ra3 37. Kf2 Kf6 38. h3 Ra5 39.
Kf3 Rf5+ 40. Kg2 Ra5 41. Re3 Rb5 42. Rc3 Ra5 43. Kf2 Rb5 44. Rf3+ Kg7 45. g4
Rb4 46. Rd3 Ra4 47. Kf3 g5 48. Ke3 Kg6 49. Rd6+ Kg7 50. Rd4 Ra3+ 51. Ke4 Rxh3
52. Kf5 Ra3 53. Rd7+ Kh6 54. Rd6+ Kg7 55. Kxg5 Ra5+ 56. Kh4 Rb5 57. g5 Rb1 58.
Rd7+ Kg6 59. Rd6+ Kg7 1/2-1/2

[Event "Open Stare Mesto"]
[Site "?"]
[Date "2003.08.10"]
[Round "3"]
[White "Vavruska, A.."]
[Black "Michenka, J.."]
[Result "1-0"]
[WhiteElo "2133"]
[BlackElo "2357"]
[PlyCount "139"]
[SourceDate "2003.08.08"]

1. d4 Nf6 2. Nf3 d5 3. e3 c6 4. Bd3 Bg4 5. Nbd2 e6 6. c3 Nbd7 7. h3 Bh5 8. Qb3
Qc7 9. O-O Be7 10. Ne1 c5 11. c4 cxd4 12. exd4 O-O 13. Nc2 Rac8 14. Re1 Rfd8
15. Ne3 dxc4 16. Ndxc4 Nb8 17. Nc2 Nc6 18. Be3 Nd5 19. Rac1 Nxe3 20. fxe3 Rd5
21. Nd2 a6 22. Be4 Rb5 23. Qd3 Bg6 24. Nc4 Rd5 25. Rf1 b5 26. Nd2 Qb6 27. Ne1
Rcd8 28. Nef3 Bxe4 29. Qxe4 Bf6 30. Qg4 g6 31. Ne4 Bg7 32. Qh4 h6 33. Nf6+ Bxf6
34. Qxf6 Rf8 35. Kh1 Rf5 36. Qh4 Kh7 37. e4 Rh5 38. Qf2 e5 39. d5 Nd4 40. Rc6
Qa7 41. Nxd4 Qxd4 42. Qxd4 exd4 43. Rd1 f5 44. Rc7+ Kg8 45. exf5 Rhxf5 46. Rxd4
Rd8 47. d6 Rf6 48. Rc6 a5 49. Rd5 b4 50. Rb6 Rf2 51. Rxa5 Rxb2 52. Ra7 Rd2 53.
Rxb4 R2xd6 54. Rbb7 g5 55. a4 Rg6 56. a5 h5 57. Rc7 g4 58. hxg4 hxg4 59. Kh2
g3+ 60. Kh3 Kh8 61. Rab7 Rh6+ 62. Kxg3 Rg8+ 63. Kf3 Rf6+ 64. Ke4 Rxg2 65. Rc8+
Rg8 66. Rxg8+ Kxg8 67. Rb6 Rf1 68. a6 Kf7 69. Kd5 Ke7 70. Kc6 1-0

[Event "Open Stare Mesto"]
[Site "?"]
[Date "2003.08.10"]
[Round "3"]
[White "Bazant, P. jr."]
[Black "Stehlik, J.."]
[Result "0-1"]
[WhiteElo "2355"]
[BlackElo "2089"]
[PlyCount "130"]
[SourceDate "2003.08.08"]

1. e4 d6 2. d4 Nf6 3. Bd3 g6 4. Nf3 Bg7 5. Bf4 Nc6 6. Nc3 Bg4 7. Be2 O-O 8. h3
Bxf3 9. Bxf3 Nd7 10. Be3 e5 11. dxe5 dxe5 12. Nd5 Nd4 13. c3 Nxf3+ 14. Qxf3 c6
15. Nb4 f5 16. O-O-O Qe7 17. Qe2 Qe6 18. f3 Rf7 19. Kb1 Bf8 20. exf5 gxf5 21.
Nd3 Re8 22. Rhe1 Bg7 23. Bf4 Qg6 24. Bh2 Rfe7 25. Qc2 Qf7 26. Re2 e4 27. fxe4
fxe4 28. Nf2 Nf6 29. Bd6 Re6 30. Bc5 e3 31. Nd3 b6 32. Bd4 c5 33. Bxf6 Qxf6 34.
Ne1 Rd8 35. Rxd8+ Qxd8 36. Qd3 Qe7 37. g4 Bh6 38. Qd5 Qd6 39. Qxd6 Rxd6 40. Kc2
c4 41. h4 Bf4 42. Nf3 h6 43. Nd4 Rg6 44. Rg2 Rd6 45. b3 Be5 46. Nf5 Rd3 47.
Nxh6+ Kh7 48. Nf7 Rxc3+ 49. Kd1 Bf4 50. bxc4 Kg6 51. Ng5 Bxg5 52. hxg5 Kxg5 53.
Rh2 Kxg4 54. Rh7 Rxc4 55. Rxa7 Kf3 56. Re7 Ra4 57. Rf7+ Ke4 58. Rb7 Rb4 59. Kc2
e2 60. Re7+ Kf3 61. Kd3 Rb2 62. a4 Kf2 63. Rf7+ Ke1 64. Kc3 Rb1 65. Kc2 Rb4 0-1

[Event "Open Stare Mesto"]
[Site "?"]
[Date "2003.08.10"]
[Round "3"]
[White "Vesselovsky, S.."]
[Black "Karlik, V.."]
[Result "1/2-1/2"]
[WhiteElo "2444"]
[BlackElo "2286"]
[PlyCount "34"]
[SourceDate "2003.08.08"]

1. e4 g6 2. d4 Bg7 3. Nc3 c6 4. Nf3 d6 5. Bc4 Nf6 6. Bb3 O-O 7. O-O Qc7 8. a4
a5 9. h3 Na6 10. e5 dxe5 11. dxe5 Rd8 12. Bd2 Nd5 13. Bxd5 cxd5 14. Nb5 Qb6 15.
Be3 Qc6 16. Nfd4 Qd7 17. Nf3 Qc6 1/2-1/2

[Event "Open Stare Mesto"]
[Site "?"]
[Date "2003.08.10"]
[Round "3"]
[White "Buran, J.."]
[Black "Grabarczyk, B.."]
[Result "1/2-1/2"]
[WhiteElo "2203"]
[BlackElo "2444"]
[PlyCount "116"]
[SourceDate "2003.08.08"]

1. d4 f5 2. g3 Nf6 3. Bg2 g6 4. Nf3 Bg7 5. O-O O-O 6. c3 a5 7. a4 e6 8. Qb3 Nc6
9. Na3 h6 10. Rd1 d5 11. Nb5 g5 12. c4 Ne4 13. e3 Ne7 14. Ne5 c6 15. Na3 Bxe5
16. dxe5 g4 17. Qc2 Ng6 18. b3 Nxe5 19. Bb2 Nf3+ 20. Kf1 Qe8 21. h4 b6 22. Rac1
Bb7 23. Ba1 Kh7 24. Qb2 Rf7 25. Bxf3 gxf3 26. Qe5 Qg8 27. Qf4 Qg4 28. Ke1 c5
29. Qxg4 fxg4 30. Be5 Kg6 31. Nb5 Kf5 32. Bf4 Rh7 33. Bc7 Ra6 34. Bb8 Ra8 35.
Bc7 Ra6 36. Bb8 Ra8 37. Bc7 Ba6 38. Bxb6 Rb7 39. Bxc5 Nxc5 40. Nd6+ Ke5 41.
Nxb7 Bxb7 42. cxd5 Rc8 43. Kf1 Bxd5 44. Rc3 Rc6 45. Rd4 Kd6 46. b4 axb4 47.
Rxb4 Ra6 48. Ra3 Ne4 49. a5 Nd2+ 50. Ke1 Nc4 51. Raa4 Nxa5 52. Rb5 Rc6 53.
Rbxa5 Rc1+ 54. Kd2 Rf1 55. Rxg4 Rxf2+ 56. Kd3 Rb2 57. Rf4 f2 58. e4 Bxe4+
1/2-1/2

[Event "Open Stare Mesto"]
[Site "?"]
[Date "2003.08.10"]
[Round "3"]
[White "Civin, T.."]
[Black "Plsek, M.."]
[Result "1-0"]
[WhiteElo "2383"]
[BlackElo "2133"]
[PlyCount "71"]
[SourceDate "2003.08.08"]

1. d4 Nf6 2. c4 g6 3. Nc3 Bg7 4. e4 d6 5. Nf3 O-O 6. Be2 e5 7. O-O Nc6 8. d5
Ne7 9. Nd2 Nd7 10. b4 f5 11. a4 Nf6 12. f3 f4 13. c5 g5 14. Nc4 h5 15. Ba3 Ne8
16. b5 Rf6 17. b6 cxb6 18. cxd6 Ng6 19. Rc1 Bf8 20. Nb5 Bd7 21. Nc7 Nxc7 22.
dxc7 Qxc7 23. d6 Qb8 24. a5 Bc6 25. axb6 axb6 26. Qb3 Kg7 27. Qxb6 Qd8 28. Qb2
b5 29. Nxe5 Nxe5 30. Qxe5 Rxa3 31. Rxc6 Kg6 32. Rd1 Ra7 33. h4 Bh6 34. Qc5 Rd7
35. Rc8 Qa5 36. hxg5 1-0

[Event "Open Stare Mesto"]
[Site "?"]
[Date "2003.08.10"]
[Round "3"]
[White "Wiley, T.."]
[Black "Snyta, Z.."]
[Result "1-0"]
[WhiteElo "2328"]
[BlackElo "2101"]
[PlyCount "85"]
[SourceDate "2003.08.08"]

1. d4 Nf6 2. c4 e5 3. dxe5 Ng4 4. e3 Bb4+ 5. Bd2 Bxd2+ 6. Qxd2 Nxe5 7. Nh3 d6
8. Nf4 Nbc6 9. Nc3 Bg4 10. Nfd5 a6 11. h3 Be6 12. Be2 Ne7 13. b3 O-O 14. Rd1
Bxd5 15. cxd5 Nf5 16. O-O Qh4 17. e4 Nh6 18. f4 Nd7 19. Kh2 f5 20. g3 Qe7 21.
Bf3 fxe4 22. Nxe4 Nf6 23. Ng5 Qd7 24. Rc1 Rfe8 25. Rc4 Re7 26. Rfc1 Rc8 27. a4
Nf5 28. g4 Nh4 29. Bh1 h6 30. Ne6 c6 31. f5 Nh7 32. Kg3 g5 33. dxc6 bxc6 34.
Rxc6 Rxc6 35. Rxc6 Qa7 36. Qf2 Qb8 37. Rb6 Qc8 38. Rc6 Qb8 39. Bd5 Nf6 40. Qd4
Nxd5 41. Qxd5 Qb4 42. Rc8+ Kh7 43. Nxg5+ 1-0

[Event "Open Stare Mesto"]
[Site "?"]
[Date "2003.08.10"]
[Round "3"]
[White "Blumel, O.."]
[Black "Jasny, S.."]
[Result "1/2-1/2"]
[WhiteElo "2208"]
[BlackElo "2319"]
[PlyCount "81"]
[SourceDate "2003.08.08"]

1. e4 c5 2. Nf3 d6 3. g3 Nc6 4. Bg2 Nf6 5. Nc3 g6 6. d4 cxd4 7. Nxd4 Bd7 8.
Nde2 Bg7 9. O-O O-O 10. a4 a6 11. Nd5 Rb8 12. h3 b5 13. axb5 axb5 14. c3 b4 15.
Bg5 bxc3 16. Bxf6 exf6 17. bxc3 f5 18. exf5 Bxf5 19. Ne3 Ne7 20. Ra6 Rb6 21.
Ra7 Be6 22. Nf4 Bb3 23. Qg4 Nc6 24. Bxc6 Rxc6 25. Ned5 Bxd5 26. Nxd5 Rc5 27.
Qf3 Ra5 28. Ne7+ Kh8 29. Nc6 Rxa7 30. Nxd8 Rxd8 31. Rd1 Rc7 32. Rxd6 Rdc8 33.
Qd5 Bxc3 34. h4 h5 35. Rd7 Rxd7 36. Qxd7 Rf8 37. Kg2 Kg7 38. Qc6 Bf6 39. Qc4
Rd8 40. Qc2 Rb8 41. Qc5 1/2-1/2

[Event "Open Stare Mesto"]
[Site "?"]
[Date "2003.08.10"]
[Round "3"]
[White "Vrana, F.."]
[Black "Kocur, W.."]
[Result "1/2-1/2"]
[WhiteElo "2300"]
[BlackElo "2120"]
[PlyCount "110"]
[SourceDate "2003.08.08"]

1. e4 c5 2. Nf3 e6 3. d3 d5 4. Nbd2 Nc6 5. g3 Nf6 6. Bg2 Be7 7. O-O O-O 8. e5
Ne8 9. Re1 Nc7 10. h4 f5 11. exf6 Bxf6 12. Nf1 e5 13. Bg5 Qd6 14. Ne3 Be6 15.
c4 h6 16. cxd5 Nxd5 17. Nc4 Qc7 18. Bxf6 gxf6 19. h5 Rad8 20. Nh4 Nde7 21. Qc1
Kg7 22. Ne3 Nd4 23. g4 b6 24. Be4 f5 25. gxf5 Bxf5 26. Nhxf5+ Nexf5 27. Kh1 Rd6
28. Rg1+ Kh8 29. Qd1 Qf7 30. Qg4 Ng7 31. Bg6 Qf3+ 32. Rg2 Rdf6 33. Qxf3 Rxf3
34. Ng4 Rh3+ 35. Rh2 Rxh2+ 36. Kxh2 Rf4 37. Kh3 Ngf5 38. b4 Nf3 39. Bxf5 Rxf5
40. bxc5 bxc5 41. Rb1 Ng5+ 42. Kg2 e4 43. dxe4 Nxe4 44. Rb7 Rxh5 45. f3 Rg5 46.
Kf1 Rf5 47. Ke2 Nc3+ 48. Ke3 h5 49. Nf2 Nxa2 50. Ke4 Rg5 51. Rxa7 Nb4 52. Kf4
Rg7 53. Ra5 Rf7+ 54. Kg5 Rxf3 55. Ne4 Kg7 1/2-1/2

[Event "Open Stare Mesto"]
[Site "?"]
[Date "2003.08.10"]
[Round "3"]
[White "Hausner, I."]
[Black "Stuchly, R.."]
[Result "1/2-1/2"]
[WhiteElo "2441"]
[BlackElo "2070"]
[PlyCount "24"]
[SourceDate "2003.08.08"]

1. d4 Nf6 2. c4 g6 3. Nc3 Bg7 4. e4 d6 5. Nf3 O-O 6. Be2 e5 7. O-O Nc6 8. d5
Ne7 9. Ne1 Nd7 10. Be3 f5 11. f3 f4 12. Bf2 g5 1/2-1/2

[Event "Open Stare Mesto"]
[Site "?"]
[Date "2003.08.10"]
[Round "3"]
[White "Zpevak, P.."]
[Black "Koutny, P.."]
[Result "1-0"]
[WhiteElo "2405"]
[BlackElo "2062"]
[PlyCount "59"]
[SourceDate "2003.08.08"]

1. d4 Nf6 2. Nf3 g6 3. Bf4 Bg7 4. e3 O-O 5. Be2 c5 6. c3 d6 7. O-O Qb6 8. Qc1
Bf5 9. Nbd2 Nc6 10. Nc4 Qd8 11. dxc5 dxc5 12. a4 Nh5 13. Bg5 h6 14. Bh4 g5 15.
Nfd2 Bg6 16. Qd1 gxh4 17. Bxh5 Bh7 18. e4 Kh8 19. f4 Qc7 20. Qf3 Rad8 21. Qh3
Na5 22. Rae1 Nxc4 23. Nxc4 Qc6 24. Ne5 Bxe5 25. fxe5 Bxe4 26. Qe3 Bd5 27. Rf6
Rd6 28. Qxh6+ Kg8 29. Qg5+ Kh7 30. Bg6+ 1-0

[Event "Open Stare Mesto"]
[Site "?"]
[Date "2003.08.10"]
[Round "3"]
[White "Volodin, V.."]
[Black "Obrochta, B.."]
[Result "1-0"]
[WhiteElo "2283"]
[BlackElo "2060"]
[PlyCount "87"]
[SourceDate "2003.08.08"]

1. Nf3 Nf6 2. c4 g6 3. d4 Bg7 4. g3 O-O 5. Bg2 d6 6. O-O Nbd7 7. Nc3 e5 8. h3
Re8 9. e4 exd4 10. Nxd4 Nc5 11. Re1 a5 12. Rb1 Bd7 13. Ndb5 Bc6 14. e5 Rxe5 15.
Rxe5 dxe5 16. Qxd8+ Rxd8 17. Nxc7 Bxg2 18. Kxg2 Rd7 19. N7b5 Bf8 20. Be3 Be7
21. b3 Nce4 22. Na4 Rd3 23. Rb2 Nd7 24. Kf3 Nec5 25. Nac3 f5 26. Ke2 g5 27. Nd5
Bd8 28. f4 gxf4 29. gxf4 e4 30. Nd6 Ne6 31. Nxb7 Bh4 32. Rd2 Rxd2+ 33. Kxd2 Kf7
34. c5 Nf6 35. Nd6+ Kf8 36. Nxf6 Bxf6 37. Nxf5 Nc7 38. Nd6 Be7 39. Nxe4 Ke8 40.
Kd3 Kd7 41. f5 Nd5 42. Bd4 Nf4+ 43. Kc4 Nxh3 44. Bg7 1-0

[Event "Open Stare Mesto"]
[Site "?"]
[Date "2003.08.10"]
[Round "4"]
[White "Sosna, J."]
[Black "Sitnik, I."]
[Result "1-0"]
[WhiteElo "2428"]
[BlackElo "2258"]
[PlyCount "123"]
[EventDate "2003.08.08"]
[SourceDate "2003.08.08"]

1. d4 d5 2. Nf3 Nf6 3. c3 c6 4. Bg5 Bf5 5. Nbd2 h6 6. Bxf6 exf6 7. e3 Bd6 8.
Be2 O-O 9. O-O Re8 10. c4 Na6 11. Qb3 Rb8 12. c5 Bf8 13. Qa4 Qc8 14. b4 Nc7 15.
Rfc1 a6 16. Qb3 Qd7 17. Qc3 g5 18. a4 g4 19. Nh4 Be4 20. f3 gxf3 21. gxf3 Bh7
22. Bd3 f5 23. Nf1 Be7 24. Ng2 Ne6 25. f4 Ng7 26. Kh1 Nh5 27. Ng3 Nf6 28. Qc2
Ne4 29. Rg1 Kh8 30. Ne1 Rg8 31. Nf3 Qe6 32. Rae1 Bg6 33. Ne5 Bh4 34. Ref1 Bxg3
35. hxg3 Rg7 36. Bxe4 dxe4 37. Qc4 Qe7 38. Qe2 f6 39. Nxg6+ Rxg6 40. Qh5 Rbg8
41. Qxf5 h5 42. Rf2 Kg7 43. Rh2 Rh8 44. g4 h4 45. Rd1 Rd8 46. d5 cxd5 47. Rhd2
Qd7 48. Qxd7+ Rxd7 49. Rxd5 Rxd5 50. Rxd5 Rxg4 51. b5 axb5 52. axb5 Rg3 53.
Rd7+ Kg6 54. Rxb7 Rxe3 55. c6 Kf5 56. c7 Re1+ 57. Kg2 Rc1 58. b6 Kxf4 59. Rb8
h3+ 60. Kh2 Rc2+ 61. Kxh3 Rc3+ 62. Kh4 1-0

[Event "Open Stare Mesto"]
[Site "?"]
[Date "2003.08.10"]
[Round "4"]
[White "Johansson, J."]
[Black "Vavruska, A."]
[Result "1-0"]
[WhiteElo "2396"]
[BlackElo "2133"]
[PlyCount "51"]
[EventDate "2003.08.08"]
[SourceDate "2003.08.08"]

1. d4 e6 2. e4 d5 3. e5 c5 4. c3 Bd7 5. Nf3 Qb6 6. a3 a5 7. Be2 h5 8. O-O Nc6
9. dxc5 Bxc5 10. c4 d4 11. Nbd2 a4 12. Ne4 Nge7 13. Rb1 O-O-O 14. b4 axb3 15.
Qxb3 Qxb3 16. Rxb3 b6 17. Nd6+ Bxd6 18. exd6 Nf5 19. Rxb6 Nxd6 20. c5 Kc7 21.
Bf4 e5 22. Nxe5 g5 23. Nc4 gxf4 24. cxd6+ Kc8 25. Ne5 Rde8 26. Nxf7 1-0

[Event "Open Stare Mesto"]
[Site "?"]
[Date "2003.08.10"]
[Round "4"]
[White "Stehlik, J."]
[Black "Mudrak, J."]
[Result "1/2-1/2"]
[WhiteElo "2379"]
[BlackElo "2089"]
[PlyCount "76"]
[EventDate "2003.08.08"]
[SourceDate "2003.08.08"]

1. d4 Nf6 2. Nf3 g6 3. g3 Bg7 4. Bg2 O-O 5. O-O d6 6. c4 c6 7. Nc3 Nbd7 8. h3
e5 9. e4 a6 10. a4 exd4 11. Nxd4 Re8 12. Re1 Nc5 13. b4 Ncd7 14. Nc2 Nh5 15.
Ra3 Ne5 16. Ne3 Be6 17. Bf1 a5 18. bxa5 Qxa5 19. Bd2 Qc5 20. Nb1 Bxc4 21. Rc3
d5 22. exd5 cxd5 23. Rc1 Rad8 24. Nf5 gxf5 25. Qxh5 Qc8 26. Na3 Qd7 27. Nxc4
Nxc4 28. Rxe8+ Rxe8 29. Bh6 Qe6 30. Bxg7 Kxg7 31. Bd3 Nd6 32. Qh4 Ne4 33. Re1
Kh8 34. Qf4 Rg8 35. Kg2 Qf6 36. Rb1 Nc5 37. Qxf5 Qxf5 38. Bxf5 d4 1/2-1/2

[Event "Open Stare Mesto"]
[Site "?"]
[Date "2003.08.10"]
[Round "4"]
[White "Grabarczyk, M."]
[Black "Wiley, T."]
[Result "1-0"]
[WhiteElo "2508"]
[BlackElo "2328"]
[PlyCount "75"]
[EventDate "2003.08.08"]
[SourceDate "2003.08.08"]

1. d4 f5 2. c4 Nf6 3. Nf3 d6 4. g3 g6 5. Bg2 Bg7 6. b4 O-O 7. Bb2 Qe8 8. O-O c6
9. Nbd2 Na6 10. Qb3 Kh8 11. a4 Nc7 12. b5 Bd7 13. e3 h6 14. Rae1 a6 15. bxc6
bxc6 16. Bc3 Rb8 17. Qc2 g5 18. Rb1 Rc8 19. Rb7 f4 20. exf4 gxf4 21. Nh4 fxg3
22. hxg3 Rf7 23. Re1 Kg8 24. Qg6 Qd8 25. Ba5 Ng4 26. Re2 Rf6 27. Qd3 Rf7 28.
Ndf3 c5 29. d5 Bxa4 30. Qb1 Nf6 31. Bh3 Bd7 32. Be6 Bxe6 33. dxe6 Rf8 34. Ng6
Ng4 35. Nxf8 Qxf8 36. Kg2 Ne8 37. Qg6 Nef6 38. Qf7+ 1-0

[Event "Open Stare Mesto"]
[Site "?"]
[Date "2003.08.10"]
[Round "4"]
[White "Kludacz, M."]
[Black "Civin, T."]
[Result "0-1"]
[WhiteElo "2209"]
[BlackElo "2383"]
[PlyCount "146"]
[EventDate "2003.08.08"]
[SourceDate "2003.08.08"]

1. d4 d5 2. c4 e6 3. Nf3 c5 4. cxd5 exd5 5. Nc3 Nc6 6. g3 Nf6 7. Bg2 Be7 8. O-O
O-O 9. Bg5 cxd4 10. Nxd4 h6 11. Be3 Re8 12. Rc1 Bf8 13. Nxc6 bxc6 14. Na4 Bd7
15. Bc5 Bxc5 16. Nxc5 Bg4 17. Re1 Qa5 18. h3 Bf5 19. a3 Rab8 20. Qd4 Qb5 21. b3
Rbd8 22. e3 a5 23. Bf1 Qb6 24. Ne6 Qxd4 25. Nxd4 Bd7 26. Nxc6 Bxc6 27. Rxc6 d4
28. Rc4 Rb8 29. Rxd4 Rxb3 30. a4 g6 31. Bb5 Rc8 32. Red1 Kg7 33. e4 Rc5 34. Kg2
h5 35. R1d2 h4 36. gxh4 Nh5 37. Bd7 Nf4+ 38. Kh2 Rh5 39. Bg4 Rxh4 40. f3 g5 41.
Kg3 Rh8 42. Rc4 Rd8 43. Rcc2 Rxd2 44. Rxd2 Nd3 45. Rc2 Ra3 46. Rc4 Kf6 47. Rc6+
Kg7 48. Rd6 Nc5 49. Bf5 Rxa4 50. Kg4 Ra1 51. Kxg5 a4 52. Rd8 a3 53. Ra8 a2 54.
Bg4 Nd3 55. Ra4 Nc1 56. Ra7 Rb1 57. Be6 a1=Q 58. Rxf7+ Kh8 59. Rf8+ Kh7 60.
Rf7+ Qg7+ 61. Rxg7+ Kxg7 62. h4 Nd3 63. h5 Rf1 64. h6+ Kh8 65. Bg4 Ne5 66. Kf4
Nf7 67. e5 Nxh6 68. Bd7 Kg7 69. e6 Kf6 70. Ke4 Nf5 71. f4 Ng7 72. Kd5 Rd1+ 73.
Kc6 Nxe6 0-1

[Event "Open Stare Mesto"]
[Site "?"]
[Date "2003.08.10"]
[Round "4"]
[White "Kotan, L."]
[Black "Kireev, A."]
[Result "0-1"]
[WhiteElo "2369"]
[BlackElo "2276"]
[PlyCount "152"]
[EventDate "2003.08.08"]
[SourceDate "2003.08.08"]

1. e4 e6 2. d4 d5 3. Nd2 Nf6 4. e5 Nfd7 5. Bd3 c5 6. c3 Nc6 7. Ne2 cxd4 8. cxd4
f6 9. exf6 Nxf6 10. Nf3 Bd6 11. O-O O-O 12. Bg5 Bd7 13. Re1 Qc7 14. Rc1 Rf7 15.
Bh4 Raf8 16. Bg3 Bxg3 17. Nxg3 Qf4 18. h3 Kh8 19. Bb1 Ne8 20. Qd3 g6 21. Rcd1
Nd6 22. b3 Qh6 23. Re3 a6 24. Rd2 Nb5 25. Ne5 Nxe5 26. Rxe5 Rf4 27. Qe3 Qh4 28.
Ne4 Rxe4 29. Bxe4 dxe4 30. Rxe4 Qf6 31. g3 Qf3 32. Rd3 Qxe3 33. Rexe3 Nc7 34.
Rf3 Kg7 35. Rxf8 Kxf8 36. f4 Nd5 37. Rd2 Ke7 38. Kf2 Kd6 39. a3 Nc3 40. Ke3 Bc6
41. Rc2 Nb5 42. a4 Nc7 43. Kd3 Nd5 44. Rf2 Nf6 45. g4 Bd5 46. Rb2 Kd7 47. Kc3
Ne4+ 48. Kd3 Nd6 49. Kc3 Kc6 50. Rh2 Be4 51. h4 h5 52. gxh5 gxh5 53. Rh3 Nf5
54. Kc4 Kd6 55. Rh2 Ne3+ 56. Kc3 Nd5+ 57. Kd2 Ke7 58. Re2 Bf5 59. Rg2 Bg4 60.
Rf2 Kf6 61. Kd3 Kf5 62. a5 Bd1 63. Kc4 Nxf4 64. b4 Kg4 65. Rh2 Kg3 66. Rh1 Bf3
67. Rg1+ Ng2 68. Kc5 Kxh4 69. b5 axb5 70. Kxb5 Kg3 71. Rc1 h4 72. Rc7 Ne3 73.
Rg7+ Ng4 74. Kc5 h3 75. Kd6 h2 76. Rh7 Bd5 0-1

[Event "Open Stare Mesto"]
[Site "?"]
[Date "2003.08.10"]
[Round "4"]
[White "Vesselovsky, S."]
[Black "Tazbir, M."]
[Result "1/2-1/2"]
[WhiteElo "2444"]
[BlackElo "2269"]
[PlyCount "38"]
[EventDate "2003.08.08"]
[SourceDate "2003.08.08"]

1. e4 c6 2. d4 d5 3. Nc3 dxe4 4. Nxe4 Nf6 5. Nxf6+ gxf6 6. c3 Nd7 7. g3 Nb6 8.
Bg2 Bf5 9. Nf3 Qd7 10. O-O Bh3 11. Qe2 h5 12. c4 Bxg2 13. Kxg2 h4 14. a4 hxg3
15. fxg3 Qh3+ 16. Kg1 e6 17. a5 Nc8 18. a6 b6 19. Bf4 Bd6 1/2-1/2

[Event "Open Stare Mesto"]
[Site "?"]
[Date "2003.08.10"]
[Round "4"]
[White "Grabarczyk, B."]
[Black "Rachela, M."]
[Result "1/2-1/2"]
[WhiteElo "2444"]
[BlackElo "2213"]
[PlyCount "63"]
[EventDate "2003.08.08"]
[SourceDate "2003.08.08"]

1. e4 c5 2. Nf3 Nf6 3. e5 Nd5 4. Nc3 Nxc3 5. dxc3 e6 6. Bf4 Nc6 7. Qd3 Qc7 8.
O-O-O b6 9. Ng5 Be7 10. Qg3 h6 11. Ne4 g5 12. Nd6+ Bxd6 13. exd6 Qd8 14. Be3
Qf6 15. h4 g4 16. Qxg4 Bb7 17. Qf4 Qg7 18. h5 O-O-O 19. f3 f5 20. Kb1 Rde8 21.
Qa4 e5 22. Rh4 Qf6 23. Rc4 Re6 24. b4 Rxd6 25. Rc1 a6 26. bxc5 b5 27. Qa3 Re6
28. Rb4 Nxb4 29. cxb4 f4 30. Bd2 Qf5 31. Qa5 Rhe8 32. a4 1/2-1/2

[Event "Open Stare Mesto"]
[Site "?"]
[Date "2003.08.10"]
[Round "4"]
[White "Rubal, A."]
[Black "Zpevak, P."]
[Result "1-0"]
[WhiteElo "2229"]
[BlackElo "2405"]
[PlyCount "51"]
[EventDate "2003.08.08"]
[SourceDate "2003.08.08"]

1. d4 Nf6 2. c4 e6 3. Nf3 b6 4. Nc3 Bb4 5. Bg5 h6 6. Bh4 Bb7 7. e3 O-O 8. Bd3
c5 9. O-O cxd4 10. exd4 Be7 11. Re1 d6 12. h3 Nbd7 13. Re3 Re8 14. Qe2 Nh5 15.
Bxe7 Qxe7 16. g3 Nhf6 17. d5 Nf8 18. dxe6 Nxe6 19. Re1 Qc7 20. Ne4 Nd7 21. Nc3
Nf6 22. Nd4 Nf8 23. Ne4 Bxe4 24. Bxe4 Rad8 25. b3 Qc5 26. Nc6 1-0

[Event "Open Stare Mesto"]
[Site "?"]
[Date "2003.08.10"]
[Round "4"]
[White "Dobrev, N."]
[Black "Blumel, O."]
[Result "1-0"]
[WhiteElo "2382"]
[BlackElo "2208"]
[PlyCount "77"]
[EventDate "2003.08.08"]
[SourceDate "2003.08.08"]

1. d4 d5 2. c4 e6 3. Nc3 Nf6 4. cxd5 exd5 5. Bg5 Nbd7 6. e3 c6 7. Bd3 Be7 8.
Qc2 h6 9. Bh4 O-O 10. Nge2 Re8 11. O-O Ne4 12. Bxe7 Qxe7 13. b4 f5 14. b5 Qh4
15. bxc6 bxc6 16. Na4 Re6 17. Nf4 Nf8 18. Nxe6 Bxe6 19. f3 Nd6 20. Qxc6 Rd8 21.
Nc5 Bf7 22. Nb7 Nxb7 23. Qxb7 f4 24. Qxa7 fxe3 25. Rae1 Ne6 26. Rxe3 Nxd4 27.
a4 Ne6 28. Rfe1 Nf4 29. Bf1 Ng6 30. Rd1 Qg5 31. Qd4 Nf4 32. g3 Ng6 33. a5 Rb8
34. a6 Rb4 35. Qxb4 Qxe3+ 36. Kg2 Ne5 37. Qf4 Qb3 38. Qxe5 Qxd1 39. a7 1-0

[Event "Open Stare Mesto"]
[Site "?"]
[Date "2003.08.10"]
[Round "4"]
[White "Jaworski, M."]
[Black "Buran, J."]
[Result "1/2-1/2"]
[WhiteElo "2377"]
[BlackElo "2203"]
[PlyCount "44"]
[EventDate "2003.08.08"]
[SourceDate "2003.08.08"]

1. d4 d6 2. Nf3 Bg4 3. c4 Bxf3 4. exf3 g6 5. Nc3 Bg7 6. Be3 e6 7. Qb3 Qc8 8. f4
Nf6 9. Be2 c6 10. d5 exd5 11. cxd5 c5 12. Nb5 Ke7 13. a4 Rd8 14. O-O Na6 15.
Rac1 Ne8 16. Bf3 Kf8 17. Rfd1 Qd7 18. Na3 Kg8 19. Be2 Rab8 20. Bb5 Qe7 21. Bf1
Nb4 22. Bd2 Qf6 1/2-1/2

[Event "Open Stare Mesto"]
[Site "?"]
[Date "2003.08.10"]
[Round "4"]
[White "Michenka, J."]
[Black "Gruca, M."]
[Result "1/2-1/2"]
[WhiteElo "2357"]
[BlackElo "2180"]
[PlyCount "72"]
[EventDate "2003.08.08"]
[SourceDate "2003.08.08"]

1. d4 d5 2. c4 c6 3. Nc3 Nf6 4. e3 Bf5 5. Nf3 e6 6. Nh4 Bg4 7. Qb3 Qb6 8. h3
Bh5 9. g4 Bg6 10. c5 Qc7 11. g5 Ng8 12. Bg2 Ne7 13. Bd2 Nd7 14. e4 dxe4 15.
Nxe4 Nd5 16. O-O-O Be7 17. Bf3 O-O-O 18. Qa3 Kb8 19. Nd6 Bxd6 20. cxd6 Qc8 21.
Nxg6 hxg6 22. Bxd5 exd5 23. Bf4 Ka8 24. Rde1 Nf8 25. Re7 Rd7 26. Qe3 Ne6 27.
Rxd7 Qxd7 28. Be5 Re8 29. Re1 Nd8 30. Qf3 b6 31. Re3 Ne6 32. h4 Qb7 33. a3 c5
34. dxc5 Rc8 35. Kb1 Rxc5 36. Bg3 d4 1/2-1/2